000 00549nam a22001817a 4500
005 20251108174707.0
008 250721s2009 xx 000 0 ara d
082 1 4 _a211.91334/محم
100 1 _aمحمود، امجد
_eمؤلف
245 1 0 _aالعلاج بالرقى الشرعية /
264 1 _aعمان :
_bدار الأسرة للنشر و التوزيع،
_c2009.
300 _a80 ص.
650 1 7 _aالقرآن الكريم
650 1 7 _aالسحر
653 _aالرقيه الشرعيه
942 _2ddc
_cBK
999 _c115650
_d115650